01354cam a2200277 a 450000100100000000500170001000800410002702000150006804000300008304100390011308200170015211100820016924502140025124600260046526001400049130000280063150000910065950400410075065000480079165000470083965000570088670000300094370000330097371000370100671000330104300001586720200929164200.0050711s2004 ck a b 100 0 spa  a9589177166 aDO-SdBNPbspacDLCdBNPHU17aspabfre2Código de idiomas MARC a027.4bC719m2 aColoquio Colombo-Francés de Bibliotecas Públicasn(1 :d2003 :cBogotá)10aMemorias del primer Coloquio Colombo-Francés de Bibliotecas Públicas :bBiblioteca y Sociedad /ccoordinador, Marc Sagaert ; editor, Alfonso Mora Jaime ; traducción del francés, María Yolanda Medina.10aBiblioteca y sociedad aBogotá, (Colombia) :bEmbajada de Francia en Colombia :bMinisterio de Cultura de Colombia :bBiblioteca Nacional de Colombia,c2004. a148 p. :bil. ;c21 cm. aEn el marco de la XVI Feria Internacional del Libro de Bogotá y del mes de Francia." aIncluye referencias bibliográficas 4aBibliotecas públicaszColombiavCONGRESOS 4aBibliotecas públicaszFranciavCONGRESOS 4aBibliotecas públicasxAspectos socialesvCONGRESOS1 aMora Jaime, Alfonso.eed.1 aMedina, María Yolandaetr.2 aBiblioteca Nacional de Colombia.1 aFranciabEmbajada (Colombia)